000 00802nam a2200241 a 4500
001 59119
003 BD-RjUL
005 20211209080709.0
008 161221s19891988i ||||| |||| 001 0 eng d
020 _a019562419x
035 _a(BD-RjUL)59243
040 _aBD-RjUL
_beng
_cBD-RjUL
_dBD-RjUL
041 _aeng
082 _223
_a330.954
_bIND 1989
245 4 0 _aThe Indian economy :
_brecent development and future prospects /
_cRobert E B Lucas and Gustav Fritz Papanek
260 _aCaicutta :
_bOxford University Press,
_cc1988 [impression 1989]
300 _aix, 374 p. :
_bill. ;
_c22 cm.
650 _aEconomic conditions
_zIndia
_9173144
651 _aIndia
_v Economic policy
_9175794
700 _aLucas , Robert E. B.
_9175795
700 _aPapanek, Gustav Fritz
_9175796
942 _2ddc
_cBK
999 _c59119
_d59119